20 años, Feria Internacional del Libro de Guadalajara / (Record no. 181058)
[ view plain ]
| 000 -LEADER | |
|---|---|
| campo de control de longitud fija | 01021nam a2200229 i 4500 |
| 001 - NÚMERO DE CONTROL | |
| campo de control | 181058 |
| 003 - IDENTIFICADOR DE NÚMERO DE CONTROL | |
| campo de control | ES-MaACL |
| 005 - FECHA Y HORA DE LA ÚLTIMA TRANSACCIÓN | |
| campo de control | 20231007173317.0 |
| 008 - DATOS DE LONGITUD FIJA--INFORMACIÓN GENERAL | |
| campo de control de longitud fija | 121015s2006 mx | |||| ||spa d |
| 020 ## - NÚMERO INTERNACIONAL ESTÁNDAR DEL LIBRO | |
| Número Internacional Estándar del Libro | 970-27-0994-6 |
| 080 ## - NÚMERO DE LA CLASIFICACIÓN DECIMAL UNIVERSAL | |
| Número de la Clasificación Decimal Universal | 655.42:339.174(723.2 G.)(091) |
| 111 2# - ENTRADA PRINCIPAL--NOMBRE DE CONGRESO/REUNIÓN | |
| Nombre de congreso/reunión o jurisdicción como elemento de entrada | Feria Internacional del Libro de Guadalajara. |
| 9 (RLIN) | 151599 |
| 245 10 - MENCIÓN DEL TÍTULO | |
| Título | 20 años, Feria Internacional del Libro de Guadalajara / |
| Mención de responsabilidad, etc. | [redactores, Juan Carlos Núñez Bustillos ... et al.]. |
| 260 ## - PUBLICACIÓN, DISTRIBUCIÓN, ETC. | |
| Lugar de publicación, distribución, etc. | Guadalajara (Jalisco) : |
| Nombre del editor, distribuidor, etc. | Feria Internacional del Libro de Guadalajara, |
| Fecha de publicación, distribución, etc. | [2006] ( |
| Lugar de fabricación/manufactura | Hong Kong : |
| Fabricante | Toppan Printing Company) |
| 300 ## - DESCRIPCIÓN FÍSICA | |
| Extensión | 259 p. (algunas pleg.) : |
| Otras características físicas | il. col. ; |
| Dimensiones | 24 x 30 cm. |
| 611 24 - PUNTO DE ACCESO ADICIONAL DE MATERIA--NOMBRE DE REUNIÓN/CONGRESO | |
| Nombre de congreso/reunión o jurisdicción como elemento de entrada | Feria Internacional del Libro de Guadalajara- |
| Subdivisión de forma | Historia. |
| 9 (RLIN) | 151600 |
| 700 1# - ENTRADA AGREGADA--NOMBRE PERSONAL | |
| Nombre de persona | Nuñez Bustillos, Juan Carlos. |
| 9 (RLIN) | 151601 |
| 852 ## - LOCALIZACIÓN | |
| Ubicación | ES-MaACL |
| Número de control de estantería | A-12270 |
| itemnumber | 187941 |
| Sublocalización o colección | R.147096 |
| Ubicación en estantería | Depósito 1 |
| Signatura antigua | Olim: N-5275 |
| Encuadernación | Donación: Real Academia Española |
| 914 ## - NOMBRE ENTIDAD DE DONANTE | |
| RLIN | 6336 |
| Nombre de congreso/reunión o jurisdicción como elemento de entrada | Real Academia Española |
| Unidad subordinada | Donante |
| 942 ## - ELEMENTOS DE ENTRADA SECUNDARIOS (KOHA) | |
| Fuente del sistema de clasificación o colocación | Clasificación decimal universal |
| Tipo de ítem Koha | Libro impreso |
| Estatus retirado | Estado de pérdida | Fuente del sistema de clasificación o colocación | Estado de daño | No para préstamo | Biblioteca de origen | Biblioteca actual | Ubicación en estantería | Fecha de adquisición | Fuente de adquisición | Total de préstamos | Signatura topográfica completa | Código de barras | Visto por última vez | Precio de reemplazo | Tipo de ítem Koha |
|---|---|---|---|---|---|---|---|---|---|---|---|---|---|---|---|
| Clasificación decimal universal | Biblioteca del Ateneo de Madrid | Biblioteca del Ateneo de Madrid | Depósito 1 | 15/10/2012 | Donación | A-12270 | 1190269 | 23/02/2023 | 23/02/2023 | Libro impreso |
